01350nam a22002657a 450000500170000000800410001702000150005805000210007311000610009424501200015525000110027526000480028630000200033461000770035465100480043165100480047965100740052765100740060165100530067565100530072894200130078199900190079495201450081395201260095820250305115013.0 t mx gr|||| 00| 0 spa|d a968842449804aHF1487bS43 19942 aSecretaría de Comercio y Fomento Industrial (México)10aResumen del Tratado de Libre Comercio entre Costa Rica y Méxicoc / Secretaría de Comercio y Fomento Industrial a1a ed. aMéxico : bMiguel Ángel Porrúa,c1994 a71 p. ;c21 cm.2 aTratado de Libre Comercio para América del NortezCosta RicazMéxico 72lembaCosta Rica xLibre ComerciozMéxico 72lembaMéxicoxLibre comerciozCosta Rica  72lembaCosta Rica xRelaciones económicas internacionaleszMéxico 72lembaMéxicoxRelaciones económicas internacionaleszCosta Rica  72lembaCosta RicaxTratados comercialeszMéxico 72lembaMéxicoxTratados comercialeszCosta Rica 2lcccLIB c132480d132480 102lcc4078aLIC-029bLIC-029cGENERALd2025-03-04eDONf1a ed.iCEAkCSAoHF1487 S43 1994pBFE000011818r2017-04-26 00:00:00t1v1.00yLIB 102lcc4070aUCIHbUCIHcCMAPd2017-08-30eDONf1akCSAoHF1482.5.C8 S43 1994pBCU000000425r2017-08-30 00:00:00t1yLIB